Racionální protidrogová politika uživatelé drog do rukou policie nebo lékařů?
Na minha lista:
| Autor principal: | |
|---|---|
| Formato: | Livro |
| Idioma: | tcheco |
| Publicado em: |
Olomouc
VOTOBIA
1997
|
| Assuntos: | |
| Tags: |
Sem tags, seja o primeiro a adicionar uma tag!
|
MARC
| LEADER | 00000nam a2200000 4500 | ||
|---|---|---|---|
| 001 | c103503 | ||
| 005 | 20221124073900.3 | ||
| 020 | |a 80-7198-250-4 | ||
| 020 | |a 80-7198-032-3 | ||
| 041 | 0 | |a cze | |
| 044 | |a CZ | ||
| 245 | 1 | 0 | |a Racionální protidrogová politika |b uživatelé drog do rukou policie nebo lékařů? |c Tomáš Zábranský a kol. |
| 264 | 1 | |a Olomouc |b VOTOBIA |c 1997 | |
| 300 | |a 119 s. | ||
| 610 | 2 | 0 | |a drogy |
| 610 | 2 | 0 | |a kriminalita |
| 610 | 2 | 0 | |a kriminalita finančná |
| 610 | 2 | 0 | |a ochrana zdravia |
| 100 | 1 | |a Zábranský, Tomáš | |